La vie réligieuse dans l'ancienne Egypte. /

Guardado en:
Autor Principal: Sainte-Fare Garnot, Jean.
Formato: Libro
Idioma:French
Publicado: Paris : Presses Universitaires de France, 1948.
Etiquetas: Agregar Etiqueta
Sin Etiquetas, Sea el primero en etiquetar este registro!
LEADER 00468nam a22001455a 4500
001 EUN.um007014
003 AR-BaUNS
005 20050623122852.0
008 041125s1948####fr############000#0#fre#d
245 1 3 |a La vie réligieuse dans l'ancienne Egypte. /  |c Jean Sainte-Fare Garnot. 
260 |a Paris :  |b Presses Universitaires de France,  |c 1948. 
300 |a 144 p. 
100 1 |a Sainte-Fare Garnot, Jean. 
082 0 4 |a 299.31 
859 |a Ar-BaUNS  |b BIB. CENTRAL - Sector C  |h 299.31  |i Sa23  |p 423/962